• 首页
  • 本馆介绍
  • 公告通知
  • 最新文献
  • 馆藏检索
  • 电子资源
  • 读者导购
  • 参考咨询
  • 我的图书馆
  • 登录
  • 详细信息显示
  • 放入我的书架
  • 预约/预借图书
  • 作者相关作品
  • 分类相关作品
  • 丛书相关作品
  • 出版社相关作品

书目信息

  • 表格格式
  • 工作单格式
  • 卡片格式
题名:
关注海啸
    
 
作者: 刘俊 主编
分册:  
出版信息: 北京   军事科学出版社  2005
页数: 125页
开本: 21cm
丛书名:
单 册:
中图分类: P731.25
科图分类:
主题词: 海啸--基本知识 , 海啸
电子资源:
ISBN: 7-80137-857-1
000 00755nam0 2200241 450
001 002986201
005 20061121152220.57
010    @a7-80137-857-1@dCNY8.00
100    @a20050815d2005 em y0chiy0110 ea
101 0  @achi
102    @aCN@b110000
105    @aa z 000yy
200 1  @a关注海啸@9guan zhu hai xiao@f刘俊主编
210    @a北京@c军事科学出版社@d2005
215    @a125页@c照片,图@d21cm
304    @a总参气象水文中心[编]
330    @a本书的内容包括:什么是海啸?、海啸的成因及危害、全球海啸概况、“12.26”印度洋海啸、海啸的预警与预测及由海啸引发的军事思考。
606 0  @a海啸@x基本知识
606 0  @a海啸
690    @aP731.25@v4
701  0 @a刘俊@9liu jun@c(自然灾害)@4主编
801  0 @aCN@bNLC@c20061121
905    @a10447@dP731.25@e42
    
    关注海啸/刘俊主编.-北京:军事科学出版社,2005
    125页:照片,图;21cm
    
    
    ISBN 7-80137-857-1:CNY8.00
    本书的内容包括:什么是海啸?、海啸的成因及危害、全球海啸概况、“12.26”印度洋海啸、海啸的预警与预测及由海啸引发的军事思考。
●
相关链接 在E读中查询图书 在五车中查询图书 在当当中查询图书 在豆瓣中查询图书


正题名:关注海啸     索取号:P731.25/42         预约/预借

序号 登录号 条形码 馆藏地/架位号 状态 备注
1 0394808   203948087   第二样本阅览室/ [索取号:P731.25/42] 在馆    
2 0394809   203948096   第三借阅区/ [索取号:P731.25/42] 在馆    
3 0394810   203948103   第三借阅区/ [索取号:P731.25/42] 在馆    
4 0394811   203948112   第三借阅区/ [索取号:P731.25/42] 在馆    
5 0394812   203948121   第三借阅区/ [索取号:P731.25/42] 在馆    
唐山师范学院图书馆 欢迎您!
大连网信软件有限公司© 版权所有